| 000 | 00469nam a2200157 a 4500 | ||
|---|---|---|---|
| 001 | 310 | ||
| 003 | CDMR | ||
| 005 | 20131011140509.0 | ||
| 008 | 130130s1921||||||||||||||||||||||||||||d | ||
| 040 |
_aCDMR _bcat _cCDMR |
||
| 110 | 2 |
_aAsociación de la Prensa de Madrid _987 |
|
| 245 | 1 | 0 |
_a[Memorias 1920-1929 / Discurso Inaugural 1930] _cAsociación de la Prensa de Madrid |
| 260 |
_aMadrid _c1921-1930 _bAsociación de la Prensa de Madrid |
||
| 300 | _b19 cm | ||
| 942 |
_cMON _2udc |
||
| 999 |
_c310 _d310 |
||